| Tag |
First Indicator |
Second Indicator |
Subfields |
| LEADER |
00000cam a2200000 a 4500 |
| 001 |
in00000070227 |
| 005 |
20151008061641.0 |
| 008 |
760818r19761972nyu 00010 engmd |
| 035 |
|
|
|a (OCoLC)02382616
|
| 035 |
|
|
|9 AAJ8521AM
|
| 040 |
|
|
|a AZU
|c AZU
|d m.c.
|d TXA
|d UtOrBLW
|
| 049 |
|
|
|a TXAM
|c 1 [1502880], 2 [1502881], 3 [1502882], 4 [1502883], 5 [1502884]
|
| 090 |
|
|
|a Q162
|b .A813 1976
|
| 100 |
1 |
|
|a Asimov, Isaac,
|d 1920-1992.
|
| 245 |
1 |
4 |
|a The left hand of the electron /
|c Isaac Asimov.
|
| 264 |
|
1 |
|a New York, N.Y. :
|b Dell Pub. Co.,
|c 1976.
|
| 300 |
|
|
|a 254 pages ;
|c 18 cm.
|
| 336 |
|
|
|a text
|b txt
|2 rdacontent
|
| 337 |
|
|
|a unmediated
|b n
|2 rdamedia
|
| 338 |
|
|
|a volume
|b nc
|2 rdacarrier
|
| 500 |
|
|
|a Reprint of: New York : Doubleday, c1972.
|
| 500 |
|
|
|a Essays selected from the Magazine of fantasy and science fiction, Oct. 1970-Feb. 1972.
|
| 650 |
|
0 |
|a Science.
|
| 999 |
|
|
|a MARS
|
| 999 |
f |
f |
|s 1db4fb94-3f8f-3bb4-b8f8-da8a466ee038
|i cc84beb9-0fe7-38c3-9c2e-b44ae8764d72
|t 0
|
| 952 |
f |
f |
|p normal
|a Texas A&M University
|b College Station
|c Sterling C. Evans Library
|s Evans stk
|d Evans: Library Stacks
|t 0
|e Q162 .A813 1976
|h Library of Congress classification
|i unmediated -- volume
|m A14806199202
|
| 998 |
f |
f |
|a Q162 .A813 1976
|t 0
|l Evans: Library Stacks
|